Statistics for All Liverpool FC football players.

Click here to take the quiz!

General Stats

  • This quiz has been taken 166 times
  • The average score is 15 of 24

Answer Stats

PositionValue mln €Answer% Correct
Striker150Mohamed Salah
99%
Striker80Roberto Firmino
95%
Defender75Virgil Van Dijk
95%
Striker85Sadio Mane
94%
Goalkeeper65Alisson Becker
90%
Defender50Andrew Roberston
88%
Midlefielder28Jordan Henderson
88%
Defender50Trent Alexander-Arnold
85%
Striker10Divock Origi
78%
Defender20Joël Matip
78%
Midlefielder45Fábio Henrique Tavares
77%
Defender35Joe Gomez
77%
Midlefielder15James Milner
76%
Midlefielder40Georginio Wijnaldum
68%
Midlefielder65Naby Keita
58%
Defender20Dejan Lovren
54%
Midlefielder40Alex Oxlade-Chamberlain
46%
Striker25Xherdan Shaqiri
46%
Striker15Daniel Sturridge
43%
Midlefielder15Adam Lallana
41%
Goalkeeper8Simon Mignolet
40%
Defender9Alberto Moreno
23%
Striker5Ben Woodburn
5%
Defender0.5Connor Randall
5%

Score Distribution

Percentile by Number Answered

Percent of People with Each Score

Your Score History

You have not taken this quiz